اسلامی نظام زندگی اور اسکے بنیادی تصورات/ (Record no. 92130)
[ view plain ]
| 000 -LEADER | |
|---|---|
| fixed length control field | 00478nam a22001457a 4500 |
| 005 - DATE AND TIME OF LATEST TRANSACTION | |
| control field | 20170328114246.0 |
| 008 - FIXED-LENGTH DATA ELEMENTS--GENERAL INFORMATION | |
| fixed length control field | 170328b xxu||||| |||| 00| 0 eng d |
| 040 ## - CATALOGING SOURCE | |
| Transcribing agency | PK-LaUMT |
| 082 ## - DEWEY DECIMAL CLASSIFICATION NUMBER | |
| Classification number | ZIAC 297 |
| Item number | ABU-I |
| 100 ## - MAIN ENTRY--PERSONAL NAME | |
| Personal name | ابوالاعلی مودودی |
| 245 ## - TITLE STATEMENT | |
| Title | اسلامی نظام زندگی اور اسکے بنیادی تصورات/ |
| Statement of responsibility, etc | ابوالاعلی مودودی |
| 260 ## - PUBLICATION, DISTRIBUTION, ETC. (IMPRINT) | |
| Place of publication, distribution, etc | لاہور: |
| Name of publisher, distributor, etc | اسلامک پبلیکیشنز، |
| Date of publication, distribution, etc | 1980 |
| 300 ## - PHYSICAL DESCRIPTION | |
| Extent | 470 ص |
| 942 ## - ADDED ENTRY ELEMENTS (KOHA) | |
| Koha item type | Books |
| Withdrawn status | Lost status | Damaged status | Home library | Current library | Date acquired | Full call number | Barcode | Date last seen | Price effective from | Koha item type |
|---|---|---|---|---|---|---|---|---|---|---|
| UMT Main Campus | UMT Main Campus | 2017-03-28 | ZIAC 297 ABU-I | 106925 | 2017-03-28 | 2017-03-28 | Books |
